LGDC : Chefs du Clan du Tonnerre - Statistiques

Statistiques générales
  • Ce quiz a été pris 10 fois
  • Le résultat moyen est 9 sur 18
Statistiques - réponses
Chefs % Correct
Etoile Bleue
100%
Etoile de Feu
100%
Etoile de Ronce
100%
Etoile du Tonnerre
100%
Etoile de l'Ecureuil
86%
Etoile de Sapin
71%
Etoile du Soleil
71%
Etoile de Chêne
43%
Etoile de la Biche
43%
Etoile du Matin
43%
Etoile Rouge
43%
Etoile Blanche
29%
Etoile Blanche
29%
Etoile de la Chouette
29%
Etoile de Liane
14%
Etoile du Lion
14%
Etoile du Passereau
14%
Etoile Rayée
0%
Aucun quiz correspondant
Distribution des résultats
% des personnes avec chaque résultat
Percentile par nombre de réponses
Votre historique - résultats
Vous n’avez pas pris ce quiz